[Event "Torneo de Benidorm sub 2000 2019"]
[Site "Benidorm ESP"]
[Date "2019.12.05"]
[Round "8.5"]
[White "Perez Garcia, Jose Miguel"]
[Black "Westerweele, Henrik"]
[Result "1/2-1/2"]
[WhiteElo "1920"]
[BlackElo "1977"]
[PlyCount "43"]
[EventDate "2019.11.29"]
[EventType "swiss"]
[EventRounds "10"]
[EventCountry "ESP"]
[SourceTitle "Ajedrez en Madrid"]
[Source "lmi"]
[SourceDate "2019.11.30"]
[SourceVersion "1"]
[SourceVersionDate "2019.12.08"]
[SourceQuality "1"]

1. d4 e6 2. g3 f5 3. Bg2 Nf6 4. c4 Be7 5. Nf3 O-O 6. O-O d6 7. b3 Qe8 8. Bb2
Qh5 9. e3 Nc6 10. Nc3 Nd8 11. Nd2 Qh6 12. Qe2 c6 13. f4 e5 14. Rfe1 Nf7 15. d5
e4 16. dxc6 bxc6 17. Nf1 Ba6 18. b4 d5 19. b5 Bb7 20. bxc6 Bxc6 21. cxd5 Nxd5
22. Nxd5 1/2-1/2

[Event "Torneo de Benidorm sub 2000 2019"]
[Site "Benidorm ESP"]
[Date "2019.12.05"]
[Round "8.6"]
[White "Dumont, Andre"]
[Black "Nazarov, Alexander"]
[Result "1-0"]
[WhiteElo "1895"]
[BlackElo "1943"]
[PlyCount "97"]
[EventDate "2019.11.29"]
[EventType "swiss"]
[EventRounds "10"]
[EventCountry "ESP"]
[SourceTitle "Ajedrez en Madrid"]
[Source "lmi"]
[SourceDate "2019.11.30"]
[SourceVersion "1"]
[SourceVersionDate "2019.12.08"]
[SourceQuality "1"]

1. d4 d5 2. Nf3 Nf6 3. e3 Bg4 4. Be2 e6 5. Nbd2 Bd6 6. b3 Nbd7 7. Bb2 c6 8. Ne5
Bxe2 9. Qxe2 O-O 10. O-O Ne8 11. f4 f5 12. g4 Nef6 13. g5 Ne4 14. Nxe4 fxe4 15.
Qg4 Rf5 16. c4 Bxe5 17. dxe5 g6 18. cxd5 exd5 19. e6 Nc5 20. Bf6 Qd6 21. e7 Nd7
22. Bb2 Qxe7 23. Qd1 Kf7 24. Rc1 Ke6 25. Qd2 Qd8 26. h4 h5 27. Bd4 Qc7 28. Rc2
Kf7 29. b4 Nb6 30. Be5 Qd8 31. Rd1 Qe8 32. Ba1 Nc4 33. Rxc4 dxc4 34. Qd4 Qe6
35. Qg7+ Ke8 36. Bf6 Rxf6 37. gxf6 Qg4+ 38. Kf2 Qf3+ 39. Ke1 Qxe3+ 40. Kf1
Qxf4+ 41. Ke1 Qe3+ 42. Kf1 Qh3+ 43. Ke1 Qh1+ 44. Ke2 Qf3+ 45. Ke1 Qe3+ 46. Kf1
Qf4+ 47. Ke2 Qg4+ 48. Ke1 Qe6 49. Rd7 1-0

[Event "Torneo de Benidorm sub 2000 2019"]
[Site "Benidorm ESP"]
[Date "2019.12.05"]
[Round "8.7"]
[White "Trabazos Gallego, Javier"]
[Black "Gutierrez Abarrategui, Luis"]
[Result "0-1"]
[WhiteElo "1939"]
[BlackElo "1855"]
[PlyCount "60"]
[EventDate "2019.11.29"]
[EventType "swiss"]
[EventRounds "10"]
[EventCountry "ESP"]
[SourceTitle "Ajedrez en Madrid"]
[Source "lmi"]
[SourceDate "2019.11.30"]
[SourceVersion "1"]
[SourceVersionDate "2019.12.08"]
[SourceQuality "1"]

1. e4 c6 2. d4 d5 3. e5 Bf5 4. Nf3 e6 5. Be2 c5 6. O-O Nc6 7. c3 Nh6 8. Nbd2
Bg6 9. dxc5 Bxc5 10. Nb3 Be7 11. Nbd4 O-O 12. Bd3 Rc8 13. h3 Qc7 14. Re1 a6 15.
Bf4 b5 16. a4 Nxd4 17. Nxd4 Bxd3 18. Qxd3 Qc4 19. Qd2 b4 20. Bxh6 bxc3 21. bxc3
gxh6 22. Qxh6 Kh8 23. Re3 Rg8 24. Rf3 Rg6 25. Qh5 Rf8 26. h4 Bc5 27. Rd1 Be7
28. Rb1 Qxa4 29. Rb7 Qd1+ 30. Kh2 Rxg2+ 0-1

[Event "Torneo de Benidorm sub 2000 2019"]
[Site "Benidorm ESP"]
[Date "2019.12.05"]
[Round "8.8"]
[White "Gochev, Plamen"]
[Black "Martinez De Soria Gordon, Jose M"]
[Result "1-0"]
[WhiteElo "1887"]
[BlackElo "1926"]
[PlyCount "71"]
[EventDate "2019.11.29"]
[EventType "swiss"]
[EventRounds "10"]
[EventCountry "ESP"]
[SourceTitle "Ajedrez en Madrid"]
[Source "lmi"]
[SourceDate "2019.11.30"]
[SourceVersion "1"]
[SourceVersionDate "2019.12.08"]
[SourceQuality "1"]

1. c4 e5 2. Nc3 Nc6 3. e4 g6 4. Nf3 Bg7 5. d3 d6 6. Be2 Nge7 7. Qb3 O-O 8. Nd5
b6 9. h4 Bg4 10. Qd1 Bxf3 11. Bxf3 h6 12. Be3 f5 13. Nxe7+ Qxe7 14. exf5 Qe8
15. fxg6 e4 16. Bxe4 Bxb2 17. Rb1 Bc3+ 18. Kf1 Qe5 19. Rb5 Qe7 20. Qh5 Bg7 21.
Qd5+ Kh8 22. Qxc6 Rae8 23. Rb1 Qf6 24. Qb5 Re5 25. Qb4 Rxe4 26. dxe4 Qxg6 27.
c5 bxc5 28. Qc4 c6 29. Rh3 d5 30. Qxc5 Qxe4 31. Rd1 Qa4 32. Rd2 Rb8 33. Bd4
Qa6+ 34. Rhd3 Rb1+ 35. Ke2 Qb7 36. Qf8+ 1-0

[Event "Torneo de Benidorm sub 2000 2019"]
[Site "Benidorm ESP"]
[Date "2019.12.05"]
[Round "8.9"]
[White "Perez Garcia, Juan Angel"]
[Black "Carruana Fuentes, Rafael"]
[Result "0-1"]
[WhiteElo "1999"]
[BlackElo "1855"]
[PlyCount "214"]
[EventDate "2019.11.29"]
[EventType "swiss"]
[EventRounds "10"]
[EventCountry "ESP"]
[SourceTitle "Ajedrez en Madrid"]
[Source "lmi"]
[SourceDate "2019.11.30"]
[SourceVersion "1"]
[SourceVersionDate "2019.12.08"]
[SourceQuality "1"]

1. d4 d5 2. Bf4 Nf6 3. e3 c5 4. c3 Nc6 5. Nd2 Bf5 6. Qb3 Qb6 7. dxc5 Qxb3 8.
axb3 e5 9. Bg3 Bxc5 10. b4 Bd6 11. b5 Ne7 12. b6 O-O 13. bxa7 Nc6 14. Ngf3 Nd7
15. Bb5 f6 16. Bxc6 bxc6 17. Nd4 Bd3 18. N2b3 Rfc8 19. Kd2 Bg6 20. Ra6 Nc5 21.
Nxc5 Bxc5 22. Nxc6 Be8 23. Nb4 d4 24. exd4 exd4 25. Rha1 dxc3+ 26. bxc3 Rd8+
27. Kc1 Bxb4 28. Bc7 Rdc8 29. cxb4 Rxc7+ 30. Kd2 Kf7 31. R6a5 Ke7 32. Re1+ Kd8
33. Rea1 Kc8 34. Ke3 Kb7 35. f3 Rc4 36. Kf2 Bg6 37. Rb5+ Kc7 38. Raa5 Be8 39.
Rc5+ Rxc5 40. bxc5 Kb7 41. Ra3 Rxa7 42. Re3 Bc6 43. Rb3+ Kc7 44. h4 Ra5 45. Re3
Kd7 46. Rc3 Bd5 47. h5 Kc6 48. Re3 Ra7 49. Rc3 Re7 50. Kg3 Re5 51. Kh4 Bf7 52.
g4 h6 53. Ra3 Re7 54. Rc3 Bd5 55. f4 Re4 56. Kg3 Be6 57. Ra3 Bd7 58. Rc3 Rd4
59. Re3 Bc8 60. Re8 Bb7 61. Rg8 Rd7 62. g5 fxg5 63. fxg5 hxg5 64. Kg4 Kxc5 65.
Kxg5 Bd5 66. Rc8+ Kd6 67. h6 gxh6+ 68. Kxh6 Rf7 69. Kg5 Be6 70. Rb8 Ke5 71.
Rb5+ Bd5 72. Rb6 Rf5+ 73. Kg4 Rf2 74. Rb5 Rg2+ 75. Kh4 Rg7 76. Ra5 Ke4 77. Ra4+
Ke3 78. Rg4 Rf7 79. Kg5 Rg7+ 80. Kh4 Rf7 81. Kg5 Bf3 82. Rb4 Be4 83. Rb3+ Bd3
84. Rb4 Rf5+ 85. Kg4 Re5 86. Rb3 Re6 87. Ra3 Rg6+ 88. Kh5 Rg7 89. Kh6 Rg3 90.
Ra4 Be4 91. Ra3+ Bd3 92. Ra4 Rg6+ 93. Kh5 Rg8 94. Kh6 Be4 95. Ra3+ Kf4 96. Ra1
Rg6+ 97. Kh5 Rg5+ 98. Kh6 Rg6+ 99. Kh5 Rf6 100. Ra4 Rd6 101. Rb4 Rd1 102. Kh6
Rg1 103. Ra4 Rg6+ 104. Kh5 Rd6 105. Rb4 Re6 106. Ra4 Re8 107. Kh6 Re7 0-1

[Event "Torneo de Benidorm sub 2000 2019"]
[Site "Benidorm ESP"]
[Date "2019.12.05"]
[Round "8.10"]
[White "Nilsson, Weine"]
[Black "Panican, Gheorghe"]
[Result "0-1"]
[WhiteElo "1913"]
[BlackElo "1998"]
[PlyCount "94"]
[EventDate "2019.11.29"]
[EventType "swiss"]
[EventRounds "10"]
[EventCountry "ESP"]
[SourceTitle "Ajedrez en Madrid"]
[Source "lmi"]
[SourceDate "2019.11.30"]
[SourceVersion "1"]
[SourceVersionDate "2019.12.08"]
[SourceQuality "1"]

1. c4 e5 2. Nc3 Nc6 3. d3 d6 4. g3 g6 5. Bg2 Bg7 6. Rb1 Nf6 7. b4 O-O 8. e3 Ne7
9. Nd5 c6 10. Nxf6+ Bxf6 11. Ne2 Bg7 12. O-O f5 13. e4 h6 14. Be3 Be6 15. Qc1
Kh7 16. f4 fxe4 17. dxe4 Bg4 18. Nc3 Be6 19. Ne2 Qc7 20. a4 b6 21. h3 Rac8 22.
g4 exf4 23. Nxf4 Bf7 24. Qc2 Kg8 25. Rbd1 g5 26. Ne2 Ng6 27. Ng3 Ne5 28. c5
dxc5 29. bxc5 Nc4 30. Bf2 Be5 31. Nf5 Kh7 32. cxb6 axb6 33. Bd4 Rcd8 34. Bxe5
Nxe5 35. Qc3 Bc4 36. Rfe1 b5 37. axb5 cxb5 38. Kh1 b4 39. Qe3 Nd3 40. Ra1 Rd7
41. Red1 Rfd8 42. Rd2 b3 43. Bf1 b2 44. Rb1 Ba2 45. Rbxb2 Nxb2 46. Rxb2 Bc4 47.
Bxc4 Qxc4 0-1

[Event "Torneo de Benidorm sub 2000 2019"]
[Site "Benidorm ESP"]
[Date "2019.12.06"]
[Round "9.1"]
[White "Rojas Fernandez, Andres"]
[Black "Machin Arbelo, Pedro Alexis"]
[Result "0-1"]
[WhiteElo "1888"]
[BlackElo "1995"]
[PlyCount "72"]
[EventDate "2019.11.29"]
[EventType "swiss"]
[EventRounds "10"]
[EventCountry "ESP"]
[SourceTitle "Ajedrez en Madrid"]
[Source "lmi"]
[SourceDate "2019.11.30"]
[SourceVersion "1"]
[SourceVersionDate "2019.12.08"]
[SourceQuality "1"]

1. Nf3 e6 2. g3 Nf6 3. Bg2 d5 4. d4 Nc6 5. O-O a6 6. a4 h6 7. e3 Be7 8. c4 Rb8
9. cxd5 exd5 10. Nc3 O-O 11. Bd2 Bf5 12. Ne5 Bb4 13. Qb3 Qd6 14. f4 Na5 15. Qd1
Nc4 16. Nxc4 dxc4 17. Qe2 Bd3 18. Qf3 Bxf1 19. Bxf1 b5 20. Bg2 Rfe8 21. Qc6
Bxc3 22. bxc3 Qxc6 23. Bxc6 Re6 24. axb5 axb5 25. Ra8 Rxa8 26. Bxa8 Ra6 27. Bf3
Ra2 28. Be1 Kf8 29. Kf1 Ke7 30. Bc6 Rb2 31. e4 Ng4 32. e5 Nxh2+ 33. Kg1 Ng4 34.
Bf3 h5 35. d5 g6 36. Be4 Re2 0-1

[Event "Torneo de Benidorm sub 2000 2019"]
[Site "Benidorm ESP"]
[Date "2019.12.06"]
[Round "9.2"]
[White "Nahornyi, Ihor"]
[Black "Gochev, Plamen"]
[Result "1-0"]
[WhiteElo "1999"]
[BlackElo "1887"]
[PlyCount "115"]
[EventDate "2019.11.29"]
[EventType "swiss"]
[EventRounds "10"]
[EventCountry "ESP"]
[SourceTitle "Ajedrez en Madrid"]
[Source "lmi"]
[SourceDate "2019.11.30"]
[SourceVersion "1"]
[SourceVersionDate "2019.12.08"]
[SourceQuality "1"]

1. e4 e5 2. Nf3 Nc6 3. Bb5 g6 4. d4 exd4 5. Bg5 f6 6. Bh4 Qe7 7. O-O Qc5 8.
Bxc6 bxc6 9. Nxd4 Qb6 10. Nc3 d6 11. Re1 Bg7 12. f4 Bd7 13. Kh1 Qxb2 14. Qd3
Ne7 15. Nd5 cxd5 16. Reb1 dxe4 17. Qxe4 d5 18. Qe3 Qxa1 19. Rxa1 Kf7 20. Re1
Rhe8 21. Qc3 c6 22. h3 Nf5 23. Nxf5 Rxe1+ 24. Bxe1 gxf5 25. Bf2 a5 26. a4 Bf8
27. Bc5 Bh6 28. Bd6 Ra7 29. Qe3 Rb7 30. Qe7+ Kg6 31. Qd8 d4 32. Qxa5 Be6 33.
Qc5 d3 34. cxd3 Rb1+ 35. Kh2 Bd5 36. a5 Rb2 37. Kg1 Rxg2+ 38. Kf1 Ra2 39. Qb6
Ra4 40. d4 Kh5 41. Ke1 Kh4 42. a6 Kg3 43. a7 Kf3 44. Qb7 Rxd4 45. a8=Q Re4+ 46.
Kd1 Bxf4 47. Bxf4 Kxf4 48. Qxh7 Rd4+ 49. Kc2 Be4+ 50. Kc3 Rd3+ 51. Kc4 Ke3 52.
Qaa7+ Ke2 53. Qh5+ Rf3 54. Qd4 Bd5+ 55. Kc5 Be4 56. h4 Bd5 57. Qf4 Be4 58.
Qhxf3+ 1-0

[Event "Torneo de Benidorm sub 2000 2019"]
[Site "Benidorm ESP"]
[Date "2019.12.06"]
[Round "9.3"]
[White "Carruana Fuentes, Rafael"]
[Black "Malek, Yuriy"]
[Result "1-0"]
[WhiteElo "1855"]
[BlackElo "1930"]
[PlyCount "95"]
[EventDate "2019.11.29"]
[EventType "swiss"]
[EventRounds "10"]
[EventCountry "ESP"]
[SourceTitle "Ajedrez en Madrid"]
[Source "lmi"]
[SourceDate "2019.11.30"]
[SourceVersion "1"]
[SourceVersionDate "2019.12.08"]
[SourceQuality "1"]

1. d4 d5 2. c4 e6 3. Nc3 Nf6 4. Nf3 c6 5. e3 Nbd7 6. Qc2 Bd6 7. Bd3 dxc4 8.
Bxc4 b5 9. Bd3 Bb7 10. O-O a6 11. e4 e5 12. h3 O-O 13. Be3 Rc8 14. dxe5 Nxe5
15. Nxe5 Bxe5 16. Rad1 Qe7 17. f4 Bxc3 18. bxc3 h6 19. c4 c5 20. e5 bxc4 21.
Bxc4 Rfd8 22. Rde1 Nd5 23. Bc1 Nb4 24. Qe2 Rd4 25. Be3 Re4 26. a3 Rxe3 27. Qxe3
Nc2 28. Qe2 Nxe1 29. Rxe1 a5 30. f5 Rd8 31. e6 fxe6 32. fxe6 Bd5 33. Rd1 Bxc4
34. Rxd8+ Qxd8 35. Qxc4 Qe7 36. Qd5 g5 37. Qd7 Kf8 38. Qc8+ Kg7 39. Qa6 Kf6 40.
Qxa5 Kxe6 41. Qe1+ Kd6 42. Qxe7+ Kxe7 43. Kf2 Kd6 44. Ke3 Kc6 45. Kd3 Kb5 46.
g4 Ka4 47. Kc4 Kxa3 48. Kxc5 1-0

[Event "Torneo de Benidorm sub 2000 2019"]
[Site "Benidorm ESP"]
[Date "2019.12.06"]
[Round "9.4"]
[White "Pousada Garcia, Daniel"]
[Black "Shreyas S, Nikam"]
[Result "0-1"]
[WhiteElo "1891"]
[BlackElo "1839"]
[PlyCount "50"]
[EventDate "2019.11.29"]
[EventType "swiss"]
[EventRounds "10"]
[EventCountry "ESP"]
[SourceTitle "Ajedrez en Madrid"]
[Source "lmi"]
[SourceDate "2019.11.30"]
[SourceVersion "1"]
[SourceVersionDate "2019.12.08"]
[SourceQuality "1"]

1. e4 c6 2. d4 d5 3. Nc3 dxe4 4. Nxe4 Bf5 5. Ng3 Bg6 6. f4 e6 7. Nf3 Bd6 8. Bd3
Nf6 9. O-O O-O 10. Kh1 Nbd7 11. Ne5 c5 12. Nxd7 Qxd7 13. f5 exf5 14. Nxf5 c4
15. Nh6+ gxh6 16. Rxf6 cxd3 17. Bxh6 Rfe8 18. h4 Re2 19. Qf1 Qg4 20. Rxd6 Qxh4+
21. Kg1 Qxh6 22. cxd3 Qe3+ 23. Kh1 Re8 24. Qf6 Qh6+ 25. Kg1 Re1+ 0-1

[Event "Torneo de Benidorm sub 2000 2019"]
[Site "Benidorm ESP"]
[Date "2019.12.06"]
[Round "9.5"]
[White "Gutierrez Abarrategui, Luis"]
[Black "Basto Auzmendi, Mario"]
[Result "1/2-1/2"]
[WhiteElo "1855"]
[BlackElo "1983"]
[PlyCount "125"]
[EventDate "2019.11.29"]
[EventType "swiss"]
[EventRounds "10"]
[EventCountry "ESP"]
[SourceTitle "Ajedrez en Madrid"]
[Source "lmi"]
[SourceDate "2019.11.30"]
[SourceVersion "1"]
[SourceVersionDate "2019.12.08"]
[SourceQuality "1"]

1. d4 Nf6 2. Nc3 d5 3. Bf4 g6 4. e3 Bg7 5. h4 O-O 6. h5 c5 7. hxg6 fxg6 8. dxc5
Nc6 9. Nf3 Bg4 10. Qd2 Qa5 11. Ne5 Rad8 12. Nxc6 bxc6 13. f3 Be6 14. Bd3 Nd7
15. Bh6 Rf7 16. Bxg7 Rxg7 17. g4 Nxc5 18. Ne2 Qxd2+ 19. Kxd2 Bd7 20. b4 Nxd3
21. cxd3 e5 22. g5 Rf7 23. f4 Bg4 24. Rh4 Bxe2 25. Kxe2 e4 26. Kd2 Rb7 27. Rc1
Rxb4 28. Rxc6 Rd7 29. Kc3 Rb1 30. Rh2 Re1 31. Kd2 Ra1 32. Kc3 Rc1+ 33. Rc2
Rxc2+ 34. Kxc2 d4 35. Re6 exd3+ 36. Kxd3 dxe3+ 37. Kxe3 Rd5 38. Ra6 Rd7 39. Ke4
Re7+ 40. Kd5 Kg7 41. a4 Rf7 42. Ke5 h5 43. gxh6+ Kxh6 44. Ke4 Kh5 45. Ra5+ Kh6
46. Rd5 Rb7 47. Ke5 Kh5 48. Ke4+ Kh6 49. a5 Rb4+ 50. Ke5 Ra4 51. f5 gxf5 52.
Kxf5 Kh5 53. Ke6+ Kg6 54. Rc5 Ra1 55. Ke7 Kg7 56. Ke8 Kf6 57. Rc6+ Ke5 58. a6
Kd5 59. Kd7 Rh1 60. Rc7 Ra1 61. Rxa7 Kc5 62. Kc7 Kb5 63. Kb7 1/2-1/2

[Event "Torneo de Benidorm sub 2000 2019"]
[Site "Benidorm ESP"]
[Date "2019.12.06"]
[Round "9.6"]
[White "Panican, Gheorghe"]
[Black "Cluyts, Marc"]
[Result "0-1"]
[WhiteElo "1998"]
[BlackElo "1915"]
[PlyCount "116"]
[EventDate "2019.11.29"]
[EventType "swiss"]
[EventRounds "10"]
[EventCountry "ESP"]
[SourceTitle "Ajedrez en Madrid"]
[Source "lmi"]
[SourceDate "2019.11.30"]
[SourceVersion "1"]
[SourceVersionDate "2019.12.08"]
[SourceQuality "1"]

1. e4 d5 2. exd5 Nf6 3. Nc3 Nxd5 4. Nxd5 Qxd5 5. Nf3 Bg4 6. Be2 Nc6 7. O-O
O-O-O 8. d3 e5 9. h3 Bd7 10. Be3 Nd4 11. Nxd4 exd4 12. Bf4 g5 13. Bf3 Qf5 14.
Bh2 Qg6 15. Bh5 Qf5 16. Re1 f6 17. Re4 Qd5 18. Bf3 Bd6 19. Re5 Qf7 20. Bh5 Qf8
21. Ra5 Bxh2+ 22. Kxh2 Qd6+ 23. Kg1 Kb8 24. Ra3 Bc6 25. Qe2 Be8 26. Re1 Bxh5
27. Qxh5 Qd7 28. Qf3 Rhf8 29. Ra5 Qd6 30. Rf5 Rde8 31. Re4 Rd8 32. g4 a6 33.
Qd1 Rde8 34. Qe2 Rxe4 35. Qxe4 Rd8 36. Qf3 Rf8 37. Qd5 Qb4 38. Qb3 Qe1+ 39. Kg2
h5 40. Qa3 Re8 41. Rxf6 hxg4 42. hxg4 Qe2 43. Rf3 Qxc2 44. Rf8 Qc6+ 45. f3 Qc2+
46. Kg3 Qe2 47. Rxe8+ Qxe8 48. Qb4 Qe5+ 49. Kh3 Qe3 50. Qf8+ Ka7 51. Qf5 Qg1
52. Qxg5 Qh1+ 53. Kg3 Qe1+ 54. Kf4 Qe3+ 55. Kf5 Qxd3+ 56. Ke5 Qe3+ 57. Kf6
Qxg5+ 58. Kxg5 d3 0-1

[Event "Torneo de Benidorm sub 2000 2019"]
[Site "Benidorm ESP"]
[Date "2019.12.06"]
[Round "9.7"]
[White "Marchenko, Valentyn"]
[Black "Estevez Jacome, Jose Ramon"]
[Result "1-0"]
[WhiteElo "1915"]
[BlackElo "1981"]
[PlyCount "52"]
[EventDate "2019.11.29"]
[EventType "swiss"]
[EventRounds "10"]
[EventCountry "ESP"]
[SourceTitle "Ajedrez en Madrid"]
[Source "lmi"]
[SourceDate "2019.11.30"]
[SourceVersion "1"]
[SourceVersionDate "2019.12.08"]
[SourceQuality "1"]

1. f4 d5 2. Nf3 g6 3. e3 Bg7 4. d4 Nf6 5. Bd3 O-O 6. O-O b6 7. Qe2 a5 8. Nbd2
c5 9. c3 Ba6 10. Ne5 Bxd3 11. Qxd3 e6 12. b3 Nfd7 13. Ba3 Nxe5 14. fxe5 Qc7 15.
e4 Nd7 16. exd5 exd5 17. Rae1 Rad8 18. Qh3 Rde8 19. Nf3 f5 20. exf6 Bxf6 21.
Re6 Rd8 22. Rfe1 Qf4 23. Bc1 Qf5 24. Qxf5 gxf5 25. Bh6 Bg7 26. Bxg7 Kxg7 1-0

[Event "Torneo de Benidorm sub 2000 2019"]
[Site "Benidorm ESP"]
[Date "2019.12.06"]
[Round "9.8"]
[White "Westerweele, Henrik"]
[Black "Dumont, Andre"]
[Result "1-0"]
[WhiteElo "1977"]
[BlackElo "1895"]
[PlyCount "58"]
[EventDate "2019.11.29"]
[EventType "swiss"]
[EventRounds "10"]
[EventCountry "ESP"]
[SourceTitle "Ajedrez en Madrid"]
[Source "lmi"]
[SourceDate "2019.11.30"]
[SourceVersion "1"]
[SourceVersionDate "2019.12.08"]
[SourceQuality "1"]

1. e4 e5 2. Nf3 Nc6 3. d4 exd4 4. Bc4 Nf6 5. O-O Nxe4 6. Re1 d5 7. Bxd5 Qxd5 8.
Nc3 Qa5 9. Nxe4 Be6 10. Neg5 O-O-O 11. Nxe6 fxe6 12. Rxe6 Be7 13. Qe2 Bf6 14.
Bf4 Qb4 15. Bc1 Rhf8 16. Rb1 Qc5 17. b4 Qf5 18. Re4 g5 19. b5 d3 20. cxd3 Nd4
21. Nxd4 Bxd4 22. Be3 Bxe3 23. Qxe3 b6 24. a4 Rd5 25. Re8+ Rxe8 26. Qxe8+ Rd8
27. Qc6 Qxd3 28. Re1 Qd5 29. Qf6 Qe4 1-0

[Event "Torneo de Benidorm sub 2000 2019"]
[Site "Benidorm ESP"]
[Date "2019.12.06"]
[Round "9.9"]
[White "Yanev, Yordan"]
[Black "Martinez Peiro, Gabriel"]
[Result "1/2-1/2"]
[WhiteElo "1878"]
[BlackElo "1963"]
[PlyCount "140"]
[EventDate "2019.11.29"]
[EventType "swiss"]
[EventRounds "10"]
[EventCountry "ESP"]
[SourceTitle "Ajedrez en Madrid"]
[Source "lmi"]
[SourceDate "2019.11.30"]
[SourceVersion "1"]
[SourceVersionDate "2019.12.08"]
[SourceQuality "1"]

1. e4 c5 2. Nf3 d6 3. Bb5+ Nd7 4. c3 a6 5. Ba4 e6 6. d4 b5 7. Bc2 Bb7 8. O-O
Ngf6 9. Qe2 Be7 10. Bg5 O-O 11. Nbd2 cxd4 12. cxd4 Rc8 13. Bb3 e5 14. Rad1 Ng4
15. Be3 Nxe3 16. fxe3 Bf6 17. Rf2 Rc7 18. Qd3 Qa8 19. Bc2 Rfc8 20. Bb1 Rc1 21.
Rff1 Rxd1 22. Rxd1 Rc7 23. Nf1 Qc8 24. Qd2 Nb6 25. b3 Rc3 26. dxe5 dxe5 27.
Nxe5 g6 28. Qd6 Bxe5 29. Qxe5 Rc7 30. Rd6 Rc6 31. Rd4 Re6 32. Qg5 Kg7 33. h4
Qc1 34. Bd3 Rf6 35. h5 h6 36. Qe5 Qe1 37. Rd6 Qf2+ 38. Kh1 Qh4+ 39. Nh2 Qg5 40.
Qd4 Nc8 41. Rxf6 Qxf6 42. hxg6 fxg6 43. Ng4 Qxd4 44. exd4 h5 45. Ne5 Nd6 46. d5
Kf6 47. Nd7+ Kg5 48. g3 Nf7 49. Kg2 Bc8 50. Nb6 Bg4 51. Kf2 Ne5 52. Ke3 Kf6 53.
Be2 g5 54. a4 h4 55. gxh4 gxh4 56. Bxg4 Nxg4+ 57. Kf3 h3 58. Nd7+ Ke7 59. Nc5
bxa4 60. bxa4 a5 61. Nd3 h2 62. Kg2 Nf6 63. d6+ Kd7 64. e5 Nd5 65. Nc5+ Kc6 66.
Kxh2 Nb6 67. Na6 Kd5 68. Nb8 Kxe5 69. d7 Nxd7 70. Nxd7+ Kd6 1/2-1/2

[Event "Torneo de Benidorm sub 2000 2019"]
[Site "Benidorm ESP"]
[Date "2019.12.06"]
[Round "9.10"]
[White "Wlogalski, Olivier"]
[Black "Rohan, Bharat Joshi"]
[Result "0-1"]
[WhiteElo "1858"]
[BlackElo "1944"]
[PlyCount "90"]
[EventDate "2019.11.29"]
[EventType "swiss"]
[EventRounds "10"]
[EventCountry "ESP"]
[SourceTitle "Ajedrez en Madrid"]
[Source "lmi"]
[SourceDate "2019.11.30"]
[SourceVersion "1"]
[SourceVersionDate "2019.12.08"]
[SourceQuality "1"]

1. c4 c5 2. Nc3 Nc6 3. Nf3 Nf6 4. g3 g6 5. Bg2 Bg7 6. O-O O-O 7. d4 cxd4 8.
Nxd4 h6 9. Nxc6 dxc6 10. Qc2 Qd4 11. Qb3 Ng4 12. Bf4 Ne5 13. Bxe5 Qxe5 14. Rfd1
Rb8 15. Rac1 Be6 16. Qa3 Bxc4 17. Qxa7 Qe6 18. b3 Ba6 19. e3 Qg4 20. Na4 Rbd8
21. f3 Qe6 22. Qb6 Rxd1+ 23. Rxd1 h5 24. Kf2 Bh6 25. f4 Qg4 26. Rd2 e5 27. h3
Qf5 28. Kg1 h4 29. e4 Qf6 30. Nc5 exf4 31. Nxa6 fxg3 32. Rd1 bxa6 33. Rf1 Qc3
34. Qxa6 Rd8 35. Qb7 Be3+ 36. Kh1 Bf2 37. e5 Qxe5 38. Qxc6 Qe2 39. Qc4 Qxa2 40.
Qxh4 Rd2 41. Qe4 Qxb3 42. Qa8+ Kg7 43. Qa1+ Bd4 44. Qa8 Qe6 45. Qf3 Qxh3+ 0-1

[Event "Torneo de Benidorm sub 2000 2019"]
[Site "Benidorm ESP"]
[Date "2019.12.07"]
[Round "10.2"]
[White "Carruana Fuentes, Rafael"]
[Black "Nahornyi, Ihor"]
[Result "0-1"]
[WhiteElo "1855"]
[BlackElo "1999"]
[PlyCount "66"]
[EventDate "2019.11.29"]
[EventType "swiss"]
[EventRounds "10"]
[EventCountry "ESP"]
[SourceTitle "Ajedrez en Madrid"]
[Source "lmi"]
[SourceDate "2019.11.30"]
[SourceVersion "1"]
[SourceVersionDate "2019.12.08"]
[SourceQuality "1"]

1. d4 Nf6 2. c4 e6 3. Nf3 b6 4. g3 Ba6 5. b3 Bb4+ 6. Bd2 Be7 7. Bg2 c6 8. Nc3
d5 9. O-O O-O 10. cxd5 exd5 11. Bc1 Nbd7 12. Bb2 Bd6 13. Re1 Re8 14. Rc1 Rc8
15. e3 Qe7 16. a3 Bb7 17. b4 b5 18. e4 Nxe4 19. Nxe4 dxe4 20. Nd2 f5 21. Nb3
Nf6 22. Na5 Nd5 23. Rc2 Ba8 24. Bc1 Qf6 25. f3 Nxb4 26. axb4 Bxb4 27. Bd2 Qxd4+
28. Kh1 c5 29. Nb3 Qd5 30. Bxb4 Qxb3 31. Bxc5 exf3 32. Rxe8+ Rxe8 33. Bxa7 Qxc2
0-1

[Event "Torneo de Benidorm sub 2000 2019"]
[Site "Benidorm ESP"]
[Date "2019.12.07"]
[Round "10.3"]
[White "Westerweele, Henrik"]
[Black "Rojas Fernandez, Andres"]
[Result "0-1"]
[WhiteElo "1977"]
[BlackElo "1888"]
[PlyCount "98"]
[EventDate "2019.11.29"]
[EventType "swiss"]
[EventRounds "10"]
[EventCountry "ESP"]
[SourceTitle "Ajedrez en Madrid"]
[Source "lmi"]
[SourceDate "2019.11.30"]
[SourceVersion "1"]
[SourceVersionDate "2019.12.08"]
[SourceQuality "1"]

1. e4 c6 2. d4 d5 3. exd5 cxd5 4. c4 Nf6 5. Nc3 Nc6 6. Bg5 e6 7. Nf3 Be7 8. c5
O-O 9. a3 h6 10. Bf4 Ne4 11. Be2 b6 12. Bb5 Bb7 13. Bxc6 Nxc3 14. bxc3 Bxc6 15.
Ne5 Qc8 16. Qg4 Kh7 17. O-O Be8 18. Rfe1 bxc5 19. Re3 f5 20. Qe2 g5 21. Nd3
gxf4 22. Rxe6 Bg5 23. Nxc5 Bf7 24. Rd6 Rd8 25. Rxd8 Qxd8 26. Qe5 Qf6 27. Qc7
Qe7 28. Qc6 Re8 29. Nd3 Bf6 30. h3 Qe6 31. Qc7 Re7 32. Qxf4 Bg5 33. Qg3 Qf6 34.
f4 Bh4 35. Qf3 Qg7 36. Kh2 Bf6 37. Rb1 Rc7 38. Nb4 Qg8 39. g4 fxg4 40. hxg4 Be7
41. Kg3 Bd6 42. Rh1 Be6 43. Rh4 Rf7 44. Nxd5 Bxd5 45. Qxd5 Bxf4+ 46. Kg2 Bg5
47. Qe4+ Kg7 48. Rh1 Re7 49. Qc2 Qa8+ 0-1